| 000 | 00352 a2200157 4500 | ||
|---|---|---|---|
| 001 | 50115 | ||
| 040 | _cAnchieta - Bela Vista | ||
| 100 | _aAnchietinha Itaigara | ||
| 240 | 1 | 0 |
_aFonte das idéias _lpor |
| 245 | 1 | 0 | _aFonte das idéias |
| 300 | _a30 | ||
| 362 | 0 | _a2007 | |
| 440 | 1 | _aAnchietinha Itaigara | |
| 650 | 4 | _aLiteratura juvenil | |
| 942 | _cBK | ||
| 999 |
_c50115 _d50115 |
||